The noble scholar, jurist, historian


 His Excellency Dr. Abdul Wahhab bin Ibrahim Abu Sulaiman, may Allah have mercy on him.


 He was born in Umm Al-Qura in the year 1356 AH.

إصلاح ما غلط فيه أبي عبد الله النمري ت 385 هـ. في معاني أبيات الحماسة / (Record no. 837)

MARC details
000 -LEADER
fixed length control field 01452cam a2200289 i 4500
003 - CONTROL NUMBER IDENTIFIER
control field SA-RiAUC
005 - DATE AND TIME OF LATEST TRANSACTION
control field 20241003140303.0
008 - FIXED-LENGTH DATA ELEMENTS--GENERAL INFORMATION
fixed length control field 240928s1985 ku g 00000 ara c
040 ## - CATALOGING SOURCE
Original cataloging agency SA-JeALM
Language of cataloging ara
Transcribing agency SA-RiAUC
Description conventions rda
082 04 - DEWEY DECIMAL CLASSIFICATION NUMBER
Classification number 811.024
090 ## - LOCALLY ASSIGNED LC-TYPE CALL NUMBER (OCLC); LOCAL CALL NUMBER (RLIN)
Classification number (OCLC) (R) ; Classification number, CALL (RLIN) (NR) 811.024
Local cutter number (OCLC) ; Book number/undivided call number, CALL (RLIN) أ س و
100 1# - MAIN ENTRY--PERSONAL NAME
Personal name الأسود الغندجاني، الحسن بن أحمد بن محمد،
Dates associated with a name توفي حوالي 430 هجري
Relator term مؤلف.
245 10 - TITLE STATEMENT
Title إصلاح ما غلط فيه أبي عبد الله النمري ت 385 هـ. في معاني أبيات الحماسة /
Statement of responsibility, etc. لأبي محمد الأعرابي الملقب بالأسود الغندجاني ؛ حققه وقدم له محمد علي سلطان.
264 #1 - PRODUCTION, PUBLICATION, DISTRIBUTION, MANUFACTURE, AND COPYRIGHT NOTICE
Place of production, publication, distribution, manufacture الكويت :
Name of producer, publisher, distributor, manufacturer معهد المخطوطات العربية،
Date of production, publication, distribution, manufacture, or copyright notice 1985
300 ## - PHYSICAL DESCRIPTION
Extent 232 صفحة ؛
Dimensions 24 سم
336 ## - CONTENT TYPE
Content type term نص
Content type code txt
Source rdacontent
Materials specified كتاب
337 ## - MEDIA TYPE
Media type term بدون وسيط
Media type code n
Source rdamedia
338 ## - CARRIER TYPE
Carrier type term مجلد
Carrier type code nc
Source rdacarrier
600 17 - SUBJECT ADDED ENTRY--PERSONAL NAME
Personal name الأسود الغندجاني، الحسن بن أحمد بن محمد،
Dates associated with a name توفي حوالي 430 هجري
Source of heading or term aucnm
650 #7 - SUBJECT ADDED ENTRY--TOPICAL TERM
Topical term or geographic name entry element الشعر العربي الحماسي
Geographic subdivision البلاد العربية
Source of heading or term aucsh
650 #7 - SUBJECT ADDED ENTRY--TOPICAL TERM
Topical term or geographic name entry element الشعر العربي
Chronological subdivision العصر العباسي
Source of heading or term aucsh
650 #7 - SUBJECT ADDED ENTRY--TOPICAL TERM
Topical term or geographic name entry element الأدب
General subdivision تاريخ ونقد
Source of heading or term aucsh
700 1# - ADDED ENTRY--PERSONAL NAME
Personal name سلطان، محمد علي
Relator term محقق.
740 2# - ADDED ENTRY--UNCONTROLLED RELATED/ANALYTICAL TITLE
Uncontrolled related/analytical title الحماسة.
942 ## - ADDED ENTRY ELEMENTS (KOHA)
Source of classification or shelving scheme Dewey Decimal Classification
Koha item type Books
Suppress in OPAC No
949 ## - LOCAL PROCESSING INFORMATION (OCLC)
a SA-JeALM
d 240928
u mohamedma123
n 1
Holdings
Withdrawn status Lost status Source of classification or shelving scheme Damaged status Not for loan Home library Current library Date acquired Total checkouts Full call number Barcode Date last seen Price effective from Koha item type
    Dewey Decimal Classification     DR AbdElwahab Library DR AbdElwahab Library 10/03/2024   811.024 ا س و 000001188 10/03/2024 10/03/2024 Books